Words That Appear in "Anchorman" - Sudden Death - Statistics

General Stats
  • This quiz has been taken 1,694 times
  • The average score is 11 of 23
Answers on the Grid
Answers color-coded by a green-red scale on the quiz's grid according to % correct below.
Bangkok
Baxter
Brick
Burgundy
Burrito
Cannonball
Classy
Creedence
Crocodile
Diego
Escalated
Flute
German
Guns
Hamburger
Harpy
Lamp
Mahogany
Mantooth
Milk
Normalcy
Panda
Panther
Poltergeist
Scotch
Shag
Toyota
Trident
Tunafish
Unique
Veronica
Whammy
Winnebago
Zeus
Zoinks
 
Answer Stats
Answer % Correct
Burgundy
79%
Classy
68%
Escalated
65%
Diego
60%
Scotch
60%
Baxter
56%
Mahogany
56%
Brick
55%
Milk
51%
Burrito
49%
Flute
49%
Veronica
49%
Lamp
47%
Panther
47%
Guns
46%
Mantooth
46%
Cannonball
45%
Whammy
38%
Trident
37%
German
36%
Zeus
36%
Panda
30%
Unique
28%
No matching quizzes found
Score Distribution
Percent of People with Each Score
Percentile by Number Answered
Your Score History
You have not taken this quiz